| 000 | 00653cam a2200205 4500 | ||
|---|---|---|---|
| 001 | WB3614-40 | ||
| 008 | 000000n2000 000 0 eng u | ||
| 035 | _a(Sirsi) u105158 | ||
| 245 | _aRoads programme | ||
| 260 | _c2000 | ||
| 490 |
_aFinancial Times _v31 March 2000, 2(1) |
||
| 520 | _aGovernment has cut £100m from its trunk road maintenance programme for the next financial year. The cut is part of an overall reduction in the Highways Agency's budget. | ||
| 590 | _aWB | ||
| 650 | _aROAD MAINTENANCE | ||
| 650 | _aTRUNK ROADS | ||
| 650 | _aHIGHWAYS AGENCY | ||
| 650 | _aFUNDING | ||
| 690 | _aTRANSPORT AND COMMUNICATIONS | ||
| 942 | _n0 | ||
| 999 |
_c63058 _d63058 |
||